[Event "CZE-chT2E 2223"]
[Site "Czech Republic"]
[Date "2023.01.08"]
[Round "6.4"]
[White "Miculka, David"]
[Black "Zvolanek, Libor"]
[Result "0-1"]
[WhiteElo "2033"]
[BlackElo "2124"]
[PlyCount "174"]
[EventDate "2022.10.16"]
[EventType "team-tourn"]
[EventRounds "11"]
[EventCountry "CZE"]
[SourceTitle "EXT 2024"]
[Source "ChessBase"]
[SourceDate "2023.10.10"]
[SourceVersion "1"]
[SourceVersionDate "2023.10.10"]
[SourceQuality "1"]
[WhiteTeam "Namest nad Oslavou"]
[BlackTeam "Grygov"]
[WhiteTeamCountry "CZE"]
[BlackTeamCountry "CZE"]

1. e4 Nf6 2. d3 e5 3. Nf3 Nc6 4. g3 d5 5. exd5 Nxd5 6. Bg2 Bc5 7. 0-0 0-0 8. Nc3 Nxc3 9. bxc3 Bg4 10. Qe1 Re8 11. Be3 Bb6 12. Nd2 Qd7 13. f3 Bh3 14. Qf2 Ne7 15. c4 Bxg2 16. Kxg2 Nf5 17. c5 Ba5 18. Rab1 b5 19. Ne4 Nxe3+ 20. Qxe3 f5 21. Nd2 Bc3 22. Nb3 a5 23. Rfd1 a4 24. Nd2 Bd4 25. Qe2 Bxc5 26. Nf1 c6 27. c3 Re6 28. Re1 Rae8 29. Rbd1 Qd5 30. Qd2 Qd6 31. Ne3 g6 32. Nc2 Bb6 33. Ne3 Qa3 34. c4 Qd6 35. cxb5 cxb5 36. Rb1 Bxe3 37. Qxe3 Qd5 38. Rb2 Rc6 39. Reb1 Rc5 40. Re2 Rec8 41. Rbb2 Kg7 42. Rbd2 Qd4 43. Qxd4 exd4 44. f4 Kf7 45. Kf3 Rc3 46. Re5 R8c5 47. Rxc5 Rxc5 48. Rb2 Ke6 49. Rb4 Rd5 50. Rb2 Kd6 51. Ke2 Kc5 52. a3 Rd7 53. Kd2 h5 54. Rb1 Re7 55. Rc1+ Kb6 56. Rc8 Re6 57. Rb8+ Kc5 58. Rc8+ Rc6 59. Rb8 Rc7 60. Rg8 b4 61. Ra8 bxa3 62. Rxa4 Rb7 63. Rxa3 Rb2+ 64. Ke1 Rxh2 65. Ra6 Rg2 66. Rxg6 h4 67. Rg5 Rxg3 68. Rxf5+ Kb4 69. Rh5 h3 70. f5 Kc3 71. f6 Rf3 72. f7 Rxf7 73. Rxh3 Re7+ 74. Kd1 Ra7 75. Rg3 Ra2 76. Rg8 Rh2 77. Rg1 Rd2+ 78. Kc1 Ra2 79. Kb1 Re2 80. Kc1 Re3 81. Kd1 Rxd3+ 82. Ke1 Rh3 83. Kd1 d3 84. Rf1 Rh2 85. Kc1 Rc2+ 86. Kb1 Rb2+ 87. Kc1 d2+ 0-1

[Event "CZE-chT2E 2223"]
[Site "Czech Republic"]
[Date "2022.12.18"]
[Round "5.4"]
[White "Cagasik, Tomas"]
[Black "Miculka, David"]
[Result "1-0"]
[WhiteElo "2082"]
[BlackElo "2033"]
[PlyCount "97"]
[EventDate "2022.10.16"]
[EventType "team-tourn"]
[EventRounds "11"]
[EventCountry "CZE"]
[SourceTitle "EXT 2024"]
[Source "ChessBase"]
[SourceDate "2023.10.10"]
[SourceVersion "1"]
[SourceVersionDate "2023.10.10"]
[SourceQuality "1"]
[WhiteTeam "Kromeriz Slavia II"]
[BlackTeam "Namest nad Oslavou"]
[WhiteTeamCountry "CZE"]
[BlackTeamCountry "CZE"]

1. f4 d5 2. Nf3 g6 3. e3 Bg7 4. d4 Bg4 5. Be2 Bxf3 6. Bxf3 e6 7. c4 c6 8. Qb3 Qd7 9. Bd2 Ne7 10. Nc3 0-0 11. h4 Na6 12. h5 Rfd8 13. 0-0-0 dxc4 14. Qxc4 Rac8 15. hxg6 hxg6 16. Be1 Nd5 17. Bxd5 cxd5 18. Qe2 b5 19. Kb1 Nc7 20. Rc1 a5 21. Nd1 b4 22. Nf2 Ne8 23. Bd2 Nd6 24. g4 Nc4 25. g5 Qb5 26. Qd3 a4 27. b3 Na3+ 28. Kb2 Qa5 29. Rxc8 Rxc8 30. Rc1 Rxc1 31. Kxc1 Nb5 32. bxa4 Qxa4 33. Qb3 Qa7 34. Qxb4 Na3 35. Qa5 Qxa5 36. Bxa5 Bf8 37. Bd2 Kg7 38. Ng4 Be7 39. Kd1 f6 40. gxf6+ Bxf6 41. Bb4 Nc4 42. Ke2 g5 43. fxg5 Bxg5 44. a4 Bd8 45. Ne5 Nb6 46. Ba5 Bc7 47. Bxb6 Bxb6 48. Nc6 Kf7 49. a5 1-0

[Event "CZE-chT2F 2122"]
[Site "Czech Republic"]
[Date "2022.02.27"]
[Round "9.5"]
[White "Vesely, Martin"]
[Black "Miculka, David"]
[Result "1-0"]
[WhiteElo "2063"]
[BlackElo "2042"]
[PlyCount "99"]
[EventDate "2021.10.17"]
[EventType "team-tourn"]
[EventRounds "11"]
[EventCountry "CZE"]
[SourceTitle "EXT 2024"]
[Source "ChessBase"]
[SourceDate "2023.10.10"]
[SourceVersion "1"]
[SourceVersionDate "2023.10.10"]
[SourceQuality "1"]
[WhiteTeam "Ostrava"]
[BlackTeam "Poruba Slavoj III"]
[WhiteTeamCountry "CZE"]
[BlackTeamCountry "CZE"]

1. d4 Nf6 2. Nf3 g6 3. c4 Bg7 4. Nc3 0-0 5. e4 d6 6. Be2 e5 7. 0-0 Nc6 8. d5 Ne7 9. Ne1 Nd7 10. Nd3 f5 11. Rb1 f4 12. Bg4 Nf6 13. Bxc8 Rxc8 14. f3 g5 15. b4 Ng6 16. c5 Rf7 17. Qa4 a6 18. c6 bxc6 19. Qxc6 Ra8 20. Bd2 g4 21. Rb3 Bf8 22. Ne2 Rg7 23. Kh1 Nh4 24. Be1 gxf3 25. gxf3 Ng2 26. Bf2 Nh5 27. Rg1 Ne3 28. Rxg7+ Kxg7 29. Ra3 Qc8 30. Bxe3 fxe3 31. Kg2 Qd8 32. Rxa6 Qg5+ 33. Ng3 Rxa6 34. Qxa6 Nf4+ 35. Kf1 h5 36. Nxf4 exf4 37. Nf5+ Kf7 38. Qc4 Be7 39. Qxc7 e2+ 40. Kxe2 Qg2+ 41. Ke1 Qg1+ 42. Kd2 Qf2+ 43. Kc1 Qe1+ 44. Kc2 Qe2+ 45. Kb3 Qd3+ 46. Qc3 Qb1+ 47. Ka3 Bf6 48. Nxd6+ Kg6 49. e5 Bh4 50. Qc4 1-0

[Event "CZE-chT2F 2122"]
[Site "Czech Republic"]
[Date "2022.02.13"]
[Round "8.7"]
[White "Miculka, David"]
[Black "Holecek, Vladimir"]
[Result "1/2-1/2"]
[WhiteElo "2042"]
[BlackElo "1908"]
[PlyCount "96"]
[EventDate "2021.10.17"]
[EventType "team-tourn"]
[EventRounds "11"]
[EventCountry "CZE"]
[SourceTitle "EXT 2024"]
[Source "ChessBase"]
[SourceDate "2023.10.10"]
[SourceVersion "1"]
[SourceVersionDate "2023.10.10"]
[SourceQuality "1"]
[WhiteTeam "Poruba Slavoj III"]
[BlackTeam "Frydek Mistek III"]
[WhiteTeamCountry "CZE"]
[BlackTeamCountry "CZE"]

1. e4 e5 2. Nf3 Nc6 3. Bb5 Nf6 4. 0-0 Nxe4 5. d4 Nd6 6. Bxc6 dxc6 7. dxe5 Nf5 8. Qxd8+ Kxd8 9. Bg5+ Ne7 10. Nc3 h6 11. Bf4 Be6 12. Rad1+ Ke8 13. Nd4 Rd8 14. Nxe6 fxe6 15. Rxd8+ Kxd8 16. Rd1+ Ke8 17. Ne4 Nd5 18. Bd2 Kf7 19. c4 Nb6 20. b3 Ke8 21. Bc3 Nd7 22. Kf1 b5 23. Ke2 b4 24. Bb2 Nc5 25. Nxc5 Bxc5 26. Bd4 Bxd4 27. Rxd4 Ke7 28. Ke3 c5 29. Rd2 a5 30. f4 Rf8 31. Ke4 h5 32. g3 g6 33. h3 a4 34. g4 axb3 35. axb3 Ra8 36. f5 gxf5+ 37. gxf5 exf5+ 38. Kxf5 c6 39. Rd6 Ra3 40. Rd3 Ra1 41. Rg3 Rc1 42. Rg7+ Kf8 43. Rc7 Rc3 44. Rxc6 Rxb3 45. Rxc5 Rxh3 46. Rb5 b3 47. Kf6 Rf3+ 48. Kg5 Ke7 1/2-1/2

[Event "CZE-chT2F 2122"]
[Site "Czech Republic"]
[Date "2022.01.30"]
[Round "7.6"]
[White "Miculka, David"]
[Black "Myrmus, Mateusz"]
[Result "1-0"]
[WhiteElo "2042"]
[BlackElo "1891"]
[PlyCount "77"]
[EventDate "2021.10.17"]
[EventType "team-tourn"]
[EventRounds "11"]
[EventCountry "CZE"]
[SourceTitle "EXT 2024"]
[Source "ChessBase"]
[SourceDate "2023.10.10"]
[SourceVersion "1"]
[SourceVersionDate "2023.10.10"]
[SourceQuality "1"]
[WhiteTeam "Poruba Slavoj III"]
[BlackTeam "Karvina"]
[WhiteTeamCountry "CZE"]
[BlackTeamCountry "CZE"]

1. e4 c6 2. d4 d5 3. Nd2 dxe4 4. Nxe4 Nf6 5. Nxf6+ exf6 6. c3 Bd6 7. Bd3 0-0 8. Qc2 Re8+ 9. Ne2 h5 10. 0-0 Qc7 11. h3 Nd7 12. b3 Nf8 13. Bb2 Be6 14. Rae1 h4 15. f4 Re7 16. c4 Qd8 17. Qd2 f5 18. Kh1 Qd7 19. Bc2 Bc7 20. Rf3 Qe8 21. d5 cxd5 22. cxd5 Bxd5 23. Qd4 Ne6 24. Qxd5 Nxf4 25. Qxf5 Ng6 26. Bd3 Qc6 27. Bc4 Rf8 28. Ba3 Re5 29. Bxf7+ Rxf7 30. Qxf7+ Kh7 31. Bf8 Nxf8 32. Qxf8 Qe6 33. Qf4 Qe7 34. Qd2 Re4 35. Qd3 Kg8 36. Ref1 Qe5 37. Rf8+ Kh7 38. R8f4 Kg8 39. Qxe4 1-0

[Event "CZE-chT2F 2122"]
[Site "Czech Republic"]
[Date "2022.01.16"]
[Round "6.5"]
[White "Miculka, David"]
[Black "Gawlas, Roman"]
[Result "1/2-1/2"]
[WhiteElo "2042"]
[BlackElo "1997"]
[PlyCount "86"]
[EventDate "2021.10.17"]
[EventType "team-tourn"]
[EventRounds "11"]
[EventCountry "CZE"]
[SourceTitle "EXT 2024"]
[Source "ChessBase"]
[SourceDate "2023.10.10"]
[SourceVersion "1"]
[SourceVersionDate "2023.10.10"]
[SourceQuality "1"]
[WhiteTeam "Poruba Slavoj III"]
[BlackTeam "Litovel Tatran"]
[WhiteTeamCountry "CZE"]
[BlackTeamCountry "CZE"]

1. e4 c5 2. Nf3 e6 3. d3 Nc6 4. g3 d6 5. Bg2 Nf6 6. 0-0 Be7 7. Re1 0-0 8. Nbd2 Qc7 9. h4 Bd7 10. b3 b5 11. Bb2 Ne5 12. Nxe5 dxe5 13. c4 b4 14. f4 Bc6 15. Bxe5 Qb7 16. Qe2 Rfd8 17. Red1 Nd7 18. Bb2 Nf8 19. Nf3 f6 20. e5 f5 21. Rd2 a5 22. Rad1 a4 23. d4 axb3 24. axb3 cxd4 25. Nxd4 Bc5 26. Kh2 Bxg2 27. Qxg2 Qb6 28. Nf3 Be3 29. Rxd8 Rxd8 30. Rxd8 Qxd8 31. Qe2 Qb6 32. Qd3 Bc5 33. Bd4 Nd7 34. Kg2 h6 35. Kf2 Kf7 36. Be3 Bxe3+ 37. Qxe3 Nc5 38. Ke2 Qa5 39. Nd2 Ke7 40. Qd4 Qb6 41. Qe3 Qa5 42. Qd4 Qc7 43. Qe3 Qa5 1/2-1/2

[Event "CZE-chT2F 2122"]
[Site "Czech Republic"]
[Date "2021.12.19"]
[Round "5.7"]
[White "Zajicek, Tomas"]
[Black "Miculka, David"]
[Result "0-1"]
[WhiteElo "1931"]
[BlackElo "2042"]
[PlyCount "40"]
[EventDate "2021.10.17"]
[EventType "team-tourn"]
[EventRounds "11"]
[EventCountry "CZE"]
[SourceTitle "EXT 2024"]
[Source "ChessBase"]
[SourceDate "2023.10.10"]
[SourceVersion "1"]
[SourceVersionDate "2023.10.10"]
[SourceQuality "1"]
[WhiteTeam "Prostejov"]
[BlackTeam "Poruba Slavoj III"]
[WhiteTeamCountry "CZE"]
[BlackTeamCountry "CZE"]

1. e4 c5 2. b3 Nc6 3. Bb2 d6 4. Bb5 Bd7 5. d3 Qa5+ 6. Nc3 g6 7. Nge2 Bg7 8. 0-0 a6 9. Bxc6 Bxc6 10. a4 Nf6 11. Qe1 Qc7 12. a5 0-0 13. Na4 Rad8 14. Nb6 d5 15. Ng3 dxe4 16. dxe4 h5 17. e5 Nd5 18. Nxd5 Rxd5 19. f4 f6 20. Qe4 Rd2 0-1

[Event "CZE-ch Betsys Online Blitz"]
[Site "Chess.com INT"]
[Date "2021.04.17"]
[Round "13"]
[White "Burdalev, Kirill"]
[Black "Miculka, David"]
[Result "1-0"]
[WhiteElo "2359"]
[BlackElo "2034"]
[PlyCount "67"]
[EventDate "2021.04.17"]
[EventType "swiss (blitz)"]
[EventRounds "13"]
[EventCountry "CZE"]
[SourceTitle "CBM 201 Extra"]
[Source "ChessBase"]
[SourceDate "2021.05.31"]
[SourceVersion "1"]
[SourceVersionDate "2021.05.31"]
[SourceQuality "1"]

1. e4 c5 2. Nf3 Nc6 3. d4 cxd4 4. Nxd4 Nf6 5. Nc3 e5 6. Ndb5 d6 7. Bg5 a6 8. Na3 b5 9. Nd5 Qa5+ 10. Bd2 Qd8 11. c4 Nxe4 12. cxb5 Be6 13. Bc4 Nd4 14. 0-0 axb5 15. Nxb5 Bxd5 16. Bxd5 Nxb5 17. Bc6+ Ke7 18. Bxe4 Rc8 19. f4 f6 20. a4 Qb6+ 21. Kh1 Nd4 22. a5 Qa6 23. Bc3 Nb5 24. Bd3 Rc5 25. Bb4 Rd5 26. fxe5 Rxe5 27. Rc1 g6 28. Qf3 f5 29. Rc7+ Kf6 30. Rc6 Qb7 31. a6 Qa7 32. Bxb5 Rxb5 33. Bc3+ Kf7 34. Bxh8 1-0

[Event "CZE-ch Betsys Online Blitz"]
[Site "Chess.com INT"]
[Date "2021.04.17"]
[Round "11"]
[White "Miculka, David"]
[Black "Belaska, Premysl"]
[Result "1-0"]
[WhiteElo "2034"]
[BlackElo "2205"]
[PlyCount "33"]
[EventDate "2021.04.17"]
[EventType "swiss (blitz)"]
[EventRounds "13"]
[EventCountry "CZE"]
[SourceTitle "CBM 201 Extra"]
[Source "ChessBase"]
[SourceDate "2021.05.31"]
[SourceVersion "1"]
[SourceVersionDate "2021.05.31"]
[SourceQuality "1"]

1. e4 g6 2. d4 Bg7 3. Nc3 d6 4. Be3 Nf6 5. Qd2 c6 6. Bh6 0-0 7. Bxg7 Kxg7 8. h4 h5 9. Be2 b5 10. a3 Nbd7 11. g4 hxg4 12. h5 gxh5 13. Qg5+ Kh7 14. Bxg4 Rg8 15. Bf5+ Kh8 16. Qh6+ Nh7 17. Qxh7# 1-0

[Event "CZE-ch Betsys Online Blitz"]
[Site "Chess.com INT"]
[Date "2021.04.17"]
[Round "2"]
[White "Miculka, David"]
[Black "Trepka, Jan"]
[Result "0-1"]
[WhiteElo "2034"]
[BlackElo "2137"]
[PlyCount "130"]
[EventDate "2021.04.17"]
[EventType "swiss (blitz)"]
[EventRounds "13"]
[EventCountry "CZE"]
[SourceTitle "CBM 201 Extra"]
[Source "ChessBase"]
[SourceDate "2021.05.31"]
[SourceVersion "1"]
[SourceVersionDate "2021.05.31"]
[SourceQuality "1"]

1. e4 c6 2. d4 d5 3. Nd2 dxe4 4. Nxe4 Bf5 5. Ng3 Bg6 6. h4 h6 7. Nh3 e6 8. Nf4 Bh7 9. Bc4 Nf6 10. 0-0 Bd6 11. Re1 Bxf4 12. Bxf4 0-0 13. Be5 Nbd7 14. Qe2 Nd5 15. Nh5 Nxe5 16. Qxe5 Nf6 17. Nxf6+ Qxf6 18. Qxf6 gxf6 19. c3 b5 20. Be2 Rfc8 21. Bf3 Rab8 22. a3 Kf8 23. g3 Ke7 24. d5 cxd5 25. Bxd5 a5 26. Rad1 b4 27. axb4 axb4 28. cxb4 Rxb4 29. b3 Rd8 30. Bc4 Rxd1 31. Rxd1 Bc2 32. Ra1 Bxb3 33. Bxb3 Rxb3 34. Ra7+ Kf8 35. Kg2 f5 36. Rc7 Kg7 37. Ra7 Kf6 38. Rc7 Rd3 39. Ra7 Kg6 40. Rb7 f6 41. Rb6 e5 42. Rc6 Rd4 43. Rb6 f4 44. Rc6 fxg3 45. Kxg3 Kf5 46. Ra6 Rg4+ 47. Kh3 Rg6 48. Ra4 e4 49. Ra5+ Kf4 50. Ra3 f5 51. Rb3 h5 52. Rc3 Rg4 53. Rb3 Rg1 54. Kh2 Rd1 55. Ra3 Kg4 56. Ra5 Rd3 57. Rb5 Rh3+ 58. Kg2 Rxh4 59. Rc5 Kf4 60. Rc8 Rg4+ 61. Kf1 h4 62. Rh8 Kf3 63. Ra8 f4 64. Ra3+ e3 65. fxe3 fxe3 0-1

[Event "CZE-ch Betsys Online Blitz"]
[Site "Chess.com INT"]
[Date "2021.04.17"]
[Round "10"]
[White "Saffova, Michaela"]
[Black "Miculka, David"]
[Result "0-1"]
[WhiteElo "1807"]
[BlackElo "2034"]
[PlyCount "104"]
[EventDate "2021.04.17"]
[EventType "swiss (blitz)"]
[EventRounds "13"]
[EventCountry "CZE"]
[SourceTitle "CBM 201 Extra"]
[Source "ChessBase"]
[SourceDate "2021.05.31"]
[SourceVersion "1"]
[SourceVersionDate "2021.05.31"]
[SourceQuality "1"]

1. e4 c5 2. c3 Nf6 3. e5 Nd5 4. d4 cxd4 5. Nf3 Nc6 6. cxd4 d6 7. exd6 Qxd6 8. Nc3 Bg4 9. Be2 e6 10. 0-0 Be7 11. Be3 0-0 12. Qd2 Rfd8 13. Rac1 a6 14. Rfd1 Rac8 15. h3 Bf5 16. Bd3 Bxd3 17. Qxd3 Nf4 18. Bxf4 Qxf4 19. Qe4 Qxe4 20. Nxe4 Nxd4 21. Nxd4 Rxc1 22. Rxc1 Rxd4 23. Rc8+ Rd8 24. Rxd8+ Bxd8 25. Nd6 b6 26. Kf1 Bc7 27. Nc4 Kf8 28. Ke2 Ke7 29. Kd3 b5 30. Nd2 Be5 31. b3 f5 32. Nf3 Bf6 33. g4 g6 34. Ng1 e5 35. Ne2 e4+ 36. Ke3 Be5 37. f4 exf3 38. Kxf3 Kd6 39. Nc1 Kd5 40. Nd3 Bd6 41. Nc1 Kd4 42. Ne2+ Kd3 43. gxf5 gxf5 44. h4 Be5 45. h5 Kc2 46. Nf4 Kb2 47. Nd5 Kxa2 48. b4 Kb3 49. Ke3 Kc4 50. Ne7 f4+ 51. Kf3 Bc3 52. Nf5 Bd2 0-1

[Event "CZE-ch Betsys Online Blitz"]
[Site "Chess.com INT"]
[Date "2021.04.17"]
[Round "4"]
[White "Sikorova, Olga"]
[Black "Miculka, David"]
[Result "1-0"]
[WhiteElo "2215"]
[BlackElo "2034"]
[PlyCount "89"]
[EventDate "2021.04.17"]
[EventType "swiss (blitz)"]
[EventRounds "13"]
[EventCountry "CZE"]
[SourceTitle "CBM 201 Extra"]
[Source "ChessBase"]
[SourceDate "2021.05.31"]
[SourceVersion "1"]
[SourceVersionDate "2021.05.31"]
[SourceQuality "1"]

1. c4 Nf6 2. g3 g6 3. Bg2 Bg7 4. Nc3 0-0 5. e4 d6 6. Nge2 e5 7. 0-0 Nbd7 8. d3 c6 9. h3 Qc7 10. f4 Re8 11. f5 Nf8 12. g4 gxf5 13. gxf5 d5 14. Ng3 dxe4 15. Ncxe4 b6 16. Nxf6+ Bxf6 17. Nh5 Qd6 18. Qg4+ Kh8 19. Bh6 Ng6 20. Be4 Rg8 21. Kh1 Nf4 22. Qf3 Bd7 23. Rg1 Rxg1+ 24. Rxg1 Nxh5 25. Qxh5 Rg8 26. Rxg8+ Kxg8 27. Qg4+ Kh8 28. Be3 Qf8 29. Kg2 Qg7 30. Kf3 Qxg4+ 31. hxg4 Be7 32. g5 f6 33. Kg4 Kg7 34. Kh5 fxg5 35. Bxg5 Bf6 36. b4 Bxg5 37. Kxg5 h6+ 38. Kg4 Kf6 39. a3 h5+ 40. Kxh5 Bxf5 41. Kh4 c5 42. bxc5 bxc5 43. Kh5 a5 44. Kh6 Bxe4 45. dxe4 1-0

[Event "CZE-chT2D 1819"]
[Site "Czech Republic"]
[Date "2019.01.13"]
[Round "6.4"]
[White "Miculka, David"]
[Black "Cernovsky, Jiri"]
[Result "1/2-1/2"]
[WhiteElo "2042"]
[BlackElo "2108"]
[PlyCount "74"]
[EventDate "2018.10.14"]
[EventType "team-tourn"]
[EventRounds "11"]
[EventCountry "CZE"]
[SourceTitle "EXT 2022"]
[Source "ChessBase"]
[SourceDate "2021.10.06"]
[SourceVersion "1"]
[SourceVersionDate "2021.10.06"]
[SourceQuality "1"]
[WhiteTeam "Namest nad Oslavou"]
[BlackTeam "Kutna Hora"]
[WhiteTeamCountry "CZE"]
[BlackTeamCountry "CZE"]

1. e4 c6 2. d4 d5 3. Nd2 dxe4 4. Nxe4 Bf5 5. Ng3 Bg6 6. h4 h6 7. Nh3 Nf6 8. Nf4 Bh7 9. Bc4 Nd5 10. 0-0 e6 11. h5 Nd7 12. Re1 N7f6 13. c3 Qc7 14. Qf3 0-0-0 15. Nd3 Bd6 16. Ne5 Rhf8 17. Bb3 Ne8 18. c4 Nb4 19. Bd2 Bxe5 20. Bxb4 Bd6 21. Bxd6 Qxd6 22. Rad1 Nf6 23. Qe3 Ng4 24. Qf3 Nf6 25. Qe3 Ng4 26. Qc3 Qf4 27. Qd2 Qxd2 28. Rxd2 Nf6 29. f3 Rd7 30. Kf2 Rfd8 31. Red1 Kc7 32. Ke3 a6 33. Rh1 e5 34. Rhd1 exd4+ 35. Rxd4 Re7+ 36. Kf2 Rxd4 37. Rxd4 c5 1/2-1/2

[Event "CZE-chT2D 1718"]
[Site "Czech Republic"]
[Date "2018.02.25"]
[Round "9.3"]
[White "Varejcko, Josef"]
[Black "Miculka, David"]
[Result "1-0"]
[WhiteElo "2257"]
[BlackElo "2110"]
[PlyCount "73"]
[EventDate "2017.10.15"]
[EventType "team-tourn"]
[EventRounds "11"]
[EventCountry "CZE"]
[SourceTitle "EXT 2022"]
[Source "ChessBase"]
[SourceDate "2021.10.06"]
[SourceVersion "1"]
[SourceVersionDate "2021.10.06"]
[SourceQuality "1"]
[WhiteTeam "Lipa"]
[BlackTeam "Namest nad Oslavou"]
[WhiteTeamCountry "CZE"]
[BlackTeamCountry "CZE"]

1. d4 Nf6 2. g3 g6 3. Bg2 Bg7 4. Nf3 0-0 5. 0-0 d6 6. c4 Nbd7 7. Nc3 c6 8. e4 Qc7 9. h3 e5 10. Be3 Re8 11. d5 c5 12. Ne1 a6 13. a4 Re7 14. Nd3 Ne8 15. g4 b6 16. Kh1 Nf8 17. f4 Bd7 18. fxe5 dxe5 19. d6 Qxd6 20. Nd5 Re6 21. a5 bxa5 22. Nxc5 Rc8 23. Rxa5 Nc7 24. b4 Nxd5 25. exd5 Ree8 26. Rxa6 Qb8 27. b5 f5 28. d6 Rxc5 29. Bxc5 e4 30. gxf5 Bxf5 31. Bd4 Nd7 32. Bxg7 Kxg7 33. Qd4+ Kg8 34. Rfa1 Qb7 35. Ra7 Qb6 36. Qxb6 Nxb6 37. c5 1-0

[Event "CZE-chT2E 1617"]
[Site "Czech Republic"]
[Date "2017.04.02"]
[Round "11.3"]
[White "Cagasik, Tomas"]
[Black "Miculka, David"]
[Result "1-0"]
[WhiteElo "2198"]
[BlackElo "2071"]
[PlyCount "51"]
[EventDate "2016.09.10"]
[EventType "team-tourn"]
[EventRounds "11"]
[EventCountry "CZE"]
[SourceTitle "EXT 2022"]
[Source "ChessBase"]
[SourceDate "2021.10.06"]
[SourceVersion "1"]
[SourceVersionDate "2021.10.06"]
[SourceQuality "1"]
[WhiteTeam "Kromeriz Slavia II"]
[BlackTeam "Brno Lokomotiva II"]
[WhiteTeamCountry "CZE"]
[BlackTeamCountry "CZE"]

1. d4 f5 2. Nc3 Nf6 3. Bg5 d5 4. Nf3 e6 5. Ne5 Bd6 6. g4 c6 7. e3 Nbd7 8. f4 0-0 9. gxf5 exf5 10. Bd3 Nb6 11. Rg1 Kh8 12. Qf3 Qe8 13. Qg2 Rg8 14. Qh3 Bxe5 15. fxe5 Ne4 16. Bxe4 fxe4 17. Qh4 Bf5 18. Ne2 Nd7 19. 0-0-0 Nf8 20. Rdf1 Bg6 21. Nf4 Ne6 22. Nxg6+ Qxg6 23. Be7 Qe8 24. Rf5 g6 25. Bf6+ Ng7 26. Rfg5 1-0

[Event "CZE-chT2E 1617"]
[Site "Czech Republic"]
[Date "2016.10.23"]
[Round "2.6"]
[White "Stanec, Stanislav"]
[Black "Miculka, David"]
[Result "1/2-1/2"]
[WhiteElo "2092"]
[BlackElo "2071"]
[PlyCount "55"]
[EventDate "2016.09.10"]
[EventType "team-tourn"]
[EventRounds "11"]
[EventCountry "CZE"]
[SourceTitle "EXT 2022"]
[Source "ChessBase"]
[SourceDate "2021.10.06"]
[SourceVersion "1"]
[SourceVersionDate "2021.10.06"]
[SourceQuality "1"]
[WhiteTeam "Prusanky Podluzan"]
[BlackTeam "Brno Lokomotiva II"]
[WhiteTeamCountry "CZE"]
[BlackTeamCountry "CZE"]

1. d4 f5 2. c4 Nf6 3. Nc3 e6 4. Nf3 d5 5. e3 c6 6. Bd3 Bd6 7. Ne5 0-0 8. f4 Ne4 9. Nxe4 fxe4 10. Be2 Nd7 11. 0-0 Nxe5 12. fxe5 Be7 13. Rxf8+ Bxf8 14. cxd5 cxd5 15. Bd2 Qb6 16. b3 Bd7 17. Rc1 Rc8 18. Rxc8 Bxc8 19. Qc2 Qc6 20. Qxc6 bxc6 21. b4 Kf7 22. a4 a6 23. Kf2 Be7 24. Kg3 Ke8 25. Kg4 Kf7 26. h4 Ke8 27. Kh3 Kf7 28. g4 1/2-1/2

[Event "Frydek Mistek op"]
[Site "Frydek Mistek"]
[Date "2015.04.02"]
[Round "1"]
[White "Miculka, David"]
[Black "Polok, Kacper"]
[Result "0-1"]
[WhiteElo "2056"]
[BlackElo "2229"]
[PlyCount "72"]
[EventDate "2015.04.02"]
[EventType "swiss"]
[EventRounds "9"]
[EventCountry "CZE"]
[SourceTitle "CBM 165 Extra"]
[Source "ChessBase"]
[SourceDate "2015.04.21"]
[SourceVersion "1"]
[SourceVersionDate "2015.04.21"]
[SourceQuality "1"]

1. e4 c5 2. Nf3 d6 3. Bb5+ Nc6 4. c3 Nf6 5. Qe2 Bd7 6. 0-0 a6 7. Ba4 e5 8. d3 Be7 9. Nbd2 0-0 10. Re1 Qc7 11. Nf1 Nd4 12. Nxd4 Bxa4 13. Nf5 Rfe8 14. Bg5 h6 15. Bh4 Bd8 16. N1e3 Bc6 17. Qf3 Nh7 18. Qg4 Bg5 19. Bxg5 hxg5 20. h4 g6 21. Nh6+ Kg7 22. hxg5 Bd7 23. Qh4 Rh8 24. Nhg4 Qd8 25. Nd5 Nxg5 26. Qg3 Bxg4 27. Qxg4 Rh4 28. Qg3 Qh8 29. f4 Ne6 30. fxe5 Qh5 31. exd6 Ng5 32. Qe5+ Kh6 33. d4 Nf3+ 34. gxf3 Qxf3 35. Qh2 Rxh2 36. Kxh2 Kg7 0-1

[Event "CZE-chT2E 1415"]
[Site "Czech Republic"]
[Date "2015.02.08"]
[Round "7.7"]
[White "Jablecnik, Gustav"]
[Black "Miculka, David"]
[Result "0-1"]
[WhiteElo "2127"]
[BlackElo "2056"]
[PlyCount "50"]
[EventDate "2014.11.02"]
[EventType "team-tourn"]
[EventRounds "11"]
[EventCountry "CZE"]
[SourceTitle "EXT 2022"]
[Source "ChessBase"]
[SourceDate "2021.10.06"]
[SourceVersion "1"]
[SourceVersionDate "2021.10.06"]
[SourceQuality "1"]
[WhiteTeam "Kromeriz Slavia II"]
[BlackTeam "Brno Lokomotiva II"]
[WhiteTeamCountry "CZE"]
[BlackTeamCountry "CZE"]

1. e4 c5 2. Bc4 Nc6 3. c3 Nf6 4. Qe2 d5 5. e5 dxc4 6. exf6 Be6 7. fxe7 Bxe7 8. Nf3 0-0 9. Na3 Bf5 10. Qxc4 Bd3 11. Qg4 f5 12. Qa4 Bf6 13. Kd1 Re8 14. Ne1 Be2+ 15. Kc2 Rc8 16. Kb1 b5 17. Nxb5 Re4 18. d4 cxd4 19. Qb3+ Kh8 20. f3 Re7 21. a4 dxc3 22. Nxc3 Na5 23. Qd5 Rd7 24. Qxf5 Bxc3 25. bxc3 Rb7+ 0-1